The white mountains
Αποθηκεύτηκε σε:
| Κύριος συγγραφέας: | |
|---|---|
| Άλλοι συγγραφείς: | |
| Μορφή: | Βιβλίο |
| Γλώσσα: | English |
| Δημοσίευση: |
Harlow, Essex :
Longman,
1974
|
| Σειρά: | Longman structural readers ;
; Stage 4 |
| Θέματα: | |
| Ετικέτες: |
Προσθήκη ετικέτας
Δεν υπάρχουν, Καταχωρήστε ετικέτα πρώτοι!
|
MARC
| LEADER | 00000nam a2200000 i 4500 | ||
|---|---|---|---|
| 001 | 1/50596 | ||
| 008 | 960402s1974 eng d | ||
| 020 | |a 0582537584 | ||
| 035 | |l 10027030 | ||
| 040 | |a GR-MY-UA |b gre |e aacr | ||
| 041 | 0 | |a eng | |
| 082 | 0 | |a 428.64 | |
| 100 | 1 | |a Eyre, A. G. |q (Anthony Gascoigne) | |
| 245 | 1 | 4 | |a The white mountains / |c Anthony Eyre, John Christopher |
| 260 | |a Harlow, Essex : |b Longman, |c 1974 | ||
| 300 | |a 90 p. | ||
| 490 | 1 | |a Longman structural readers |v ; Stage 4 | |
| 650 | 0 | 0 | |a English language |x Readers. |
| 650 | 0 | 0 | |a English language |v Textbooks for foreign speakers. |
| 700 | 1 | |a Christopher, John. | |
| 830 | 0 | |a Longman structural readers ; |v ; Stage 4 | |
| 852 | |a INST |b CHIOS |e 19960402 |h 428.64 EYR |p 005200005054 |q 005200005054 |t BK |y 0 | ||
| 909 | |a Χ |b 004824 | ||